02000cam a2200169 i 4500020004300000041000800043082001700051245004800068260004700116300004200163490004900205505149500254650001201749650003001761700001601791700002301807 a9781786390646 (hardcover : alk. paper) aENG00a338.472bRAJ00aConflicts, religion and culture in tourism  aBelmont, Calif.bWadsworth Pub. Co.,c1995 ax, 176 pages :billustrations, maps ;0 aCABI religious tourism and pilgrimage series0 aIntroduction to conflicts religion and culture in tourism / Razaq Raj & Kevin Griffin -- Consciousness in conflict / Rukeya Suleman & Balal Qayum -- Defamation of religion and freedom of speech / Ayesha Chowdhury & Razaq Raj -- Imagining the contours of culture : is religious tourism a precondition for conflict? / Maximiliano Korstanje, Maite Echarri Chavez & Lourdes Mustelier-Cisneros -- The essence of community cohesion through religious tolerance / Irfan Raja & Razaq Raj -- Religious tourism and pilgrimage in a non-religious country : the Czech Republic / Jan Rája -- Pilgrimage, cultural landscape, and tourism in the heritagization of churches and Christian sites in Nagasaki / Tinka Delakorda Kawashima -- Claiming territory : the role of pilgrimage in the struggle for a re-Christianisation of Sweden / Pierre Wiktorin -- Cuba and its Christian roots : a case for understanding religious tourism / Maite Echarri Chavez, Lourdes Mustelier-Cisneros & Maximiliano Korstanje - Visiting graves, tombs and shrines in Islamic law / Necmeddin Güney -- Religious spaces as discrete system : a case of Ayodhya, India / Sanjeev Singh, Nayan Srivastava, Kartikeya Sonker & Manas Ranjan -- Halal tourism : the case of Turkey / Yasin Bilim & Özgür Özer -- Kosher tourism : a Greek case study / Polyxeni Moira, Dimitrios Mylonopoulos & Panagiota Vasilopoulou -- War and cultural heritage : the case of religious monuments / Dimitrios Mylonopoulos, Polyxeni Moira & Katerina Kikilia. 0aTourism 0aPilgrims and pilgrimages.1 aRaj, Razaq,1 aGriffin, Kevin A.,